Visión de los vencidos : (Record no. 33924)

MARC details
000 -LEADER
fixed length control field 01041nam a22002297a 4500
008 - FIXED-LENGTH DATA ELEMENTS--GENERAL INFORMATION
fixed length control field 121018t mx||||| |||| 00| 0 spa d
050 04 - LIBRARY OF CONGRESS CALL NUMBER
Classification number F1230
Item number V57 1971
245 00 - TITLE STATEMENT
Title Visión de los vencidos :
Remainder of title relaciones indígenas de la conquista /
Statement of responsibility, etc Introducción, selección y notas : Miguel Leon-Portilla ; Versión de textos nahuas: Angel Ma. Garibay K. ; Ilustraciones de códices: Alberto Beltran
250 ## - EDITION STATEMENT
Edition statement 5a ed.
260 ## - PUBLICATION, DISTRIBUTION, ETC. (IMPRINT)
Place of publication, distribution, etc México :
Name of publisher, distributor, etc Universidad Nacional Autónoma de México,
Date of publication, distribution, etc c1971
300 ## - PHYSICAL DESCRIPTION
Extent xxix ; 217 :
Other physical details il. ;
Dimensions 18 cm.
440 #0 - SERIES STATEMENT/ADDED ENTRY--TITLE
Title Biblioteca del Estudiante Universtario ; 81
504 ## - BIBLIOGRAPHY, ETC. NOTE
Bibliography, etc Incluye referencias bibliograficas e indice
650 #4 - SUBJECT ADDED ENTRY--TOPICAL TERM
Topical term or geographic name as entry element México
Form subdivision Historia
General subdivision Conquista
Chronological subdivision 1519-1540
650 #4 - SUBJECT ADDED ENTRY--TOPICAL TERM
Topical term or geographic name as entry element Aztecas
General subdivision Primer contacto europeo
650 #4 - SUBJECT ADDED ENTRY--TOPICAL TERM
Topical term or geographic name as entry element Indios de México
General subdivision Primer contacto con europeos
650 #4 - SUBJECT ADDED ENTRY--TOPICAL TERM
Topical term or geographic name as entry element Literatura
General subdivision Náhuatl
Form subdivision Traducción al español
700 1# - ADDED ENTRY--PERSONAL NAME
Personal name León-Portilla, Miguel
Fuller form of name intr.
700 1# - ADDED ENTRY--PERSONAL NAME
Personal name Garibay K., Angel Ma.,
Fuller form of name ver
700 1# - ADDED ENTRY--PERSONAL NAME
Personal name Beltrán, Alberto,
Fuller form of name il.
942 ## - ADDED ENTRY ELEMENTS (KOHA)
Source of classification or shelving scheme Biblioteca del Cogreso de los Estados Unidos
Koha item type Libro
Holdings
Estado de pérdida Fuente de clasificación Estado del daño No para préstamo Ubicación permanente Ubicación actual Fecha de adquisición Fuente de adquisición Enumeración de Serie / Cronológica Clasificación Código de Barras Date last seen Número de copia Tipo de recurso Nota pública Apartado o colección Edición Área del conocimiento Dependencia de educación superior (DES)
  Biblioteca del Cogreso de los Estados Unidos     Biblioteca de la Facultad de Letras Biblioteca de la Facultad de Letras 18/10/2012   LLH0000001811 F1230 V57 1971 LLH0000001811 16/01/2015 C:1 Libro General        
  Biblioteca del Cogreso de los Estados Unidos     Biblioteca de la Preparatoria Ing. Pascual Ortiz Rubio Biblioteca de la Preparatoria Ing. Pascual Ortiz Rubio 11/08/2015     F1230 V5 1989 PPO000001907 11/08/2015 C:1 Libro   General 12a. ed. Educación y Humanidades  
  Biblioteca del Cogreso de los Estados Unidos     Biblioteca del Colegio de San Nicolás Biblioteca del Colegio de San Nicolás 19/01/2017     F1230 V5 1976 BPCS000001165 19/01/2017 C:1 Libro   General 7a. ed. Educación y Humanidades Nivel Medio Superior